highest grossing legal movies - Statistics

General Stats
  • This quiz has been taken 14 times
  • The average score is 7 of 15
Answer Stats
year starring gross film % Correct
1997 Jim Carrey $370 million Liar Liar
92%
1992 Demi Moore $319 million A Few Good Men
85%
1993 Tom Hanks $173 million Philadelphia
85%
2001 Reese Witherspoon $175 million Legally Blonde
77%
2000 Julia Roberts $218 million Erin Brockovich
69%
2002 Renée Zellweger $265 million Chicago
62%
1979 Meryl Streep $403 million Kramer vs. Kramer
54%
1993 Tom Cruise $358 million The Firm
54%
1994 Susan Sarandon $206 million The Client
38%
1992 Denzel Washington $226 million The Pelican Brief
23%
1996 Sandra Bullock $222 million A Time to Kill
15%
1990 Harrison Ford $191 million Presumed Innocent
15%
1982 Paul Newman $163 million The Verdict
15%
1999 Tommy Lee Jones $215 million Double Jeopardy
8%
1954 Humphrey Bogart $415 million The Caine Mutiny
0%
No matching quizzes found
Score Distribution
Percent of People with Each Score
Percentile by Number Answered
Your Score History
You have not taken this quiz